Normal view
MARC view
Entry Personal Name
001 - CONTROL NUMBER
- control field: 6898
003 - CONTROL NUMBER IDENTIFIER
- control field: OSt
005 - DATE AND TIME OF LATEST TRANSACTION
- control field: 20211028143912.0
008 - FIXED-LENGTH DATA ELEMENTS
- fixed length control field: 211028|| aca||aabn | a|a d
040 ## - CATALOGING SOURCE
- Original cataloging agency: OSt
- Transcribing agency: OSt
100 ## - HEADING--PERSONAL NAME
- Personal name: John, Macwan Priyanka; Achar, Sumitha.
- Miscellaneous information: 1016021
670 ## - SOURCE DATA FOUND
- Source citation: Work cat.: (OSt): John, Macwan Priyanka; Achar, Sumitha. 1016021, A study to analyse the relaunch of the cardamom restaurant as an authentic mangalorean cuisine restaurant at taj gateway Mangalore, 2012